000 01243nam a2200229Ia 4500
001 L235-9698
003 IT-CnALBA
008 170116s9999||||xx |||||||||||||| ||und||
040 _aIT-CnALBA
_cIT-CnALBA
041 _aITALIANO
100 _aMEZZADRI LUIGI
245 0 _aSAN VINCENZO DE PAUL. UNA CARITÀ SENZA FRONTIERE.
250 _a1a ed.
260 _aCINISELLO BALSAMO (MI)
_bEDIZIONI PAOLINE
_c1986 [1° Ed.:1986 - Ed.Ling.Originale: 1986]
300 _a174 p. (prefazione: 5)
500 _aLE LANDE, SUA PATRIA. CONVERSIONE. I POVERI. FONDATORE DELLA CONGREGAZIONE DELLA MISSIONE E DELLE FIGLIE DELLA CARITÀ. RIFORMA DELLA CHIESA. GIANSENISMO. GUERRE. LA LORENA. GALEOTTI, CARCERATI. ORFANI E ABBANDONATI. EVAMGELIZZAZIONE DELLE CAMPAGNE.ITALIA
501 _aSocietà San Paolo EM - Piazza San Paolo, 14 - 12051 ALBA (CN) (non commercial uses only) ® Copyright 2017
520 _aLE LANDE, SUA PATRIA. CONVERSIONE. I POVERI. FONDATORE DELLA CONGREGAZIONE DELLA MISSIONE E DELLE FIGLIE DELLA CARITÀ. RIFORMA DELLA CHIESA. GIANSENISMO. GUERRE. LA LORENA. GALEOTTI, CARCERATI. ORFANI E ABBANDONATI. EVAMGELIZZAZIONE DELLE CAMPAGNE.ITALIA
650 _aMARIA SS. ANGELI SANTI DEMONI
942 _cBK
957 _71
999 _a10674
_bNO
_g Copie: 1
_c268874
_d268874